000 01946cam a2200541 i 4500
001 35607
003 KOSZ 005
005 20240905091522.0
008 230406s1989 pl g 001 0 pol
020 _a8301094508
040 _aWA N
_cWA N
_dKOSZ 005/RW
045 _bd1939
_bd1945
046 _k1989
080 _a94(438).082.5
080 _a314.151.1
080 _a343.81/.84
080 _a94(47+57)
245 0 0 _aDeportacje i przemieszczenia ludności polskiej w głąb ZSRR 1939-1945 :
_bprzegląd piśmiennictwa /
_credakcja naukowa Tadeusz Walichnowski ; [wybór i opracowanie Grażyna Doktór, Kazimierz Podhorski, Teresa Staliś].
250 _aWydanie I.
260 _aWarszawa :
_bPaństwowe Wydawnictwo Naukowe,
_c1989.
300 _a301, [2] stron ;
_c20 cm.
336 _aTekst
_btxt
_2rdacontent
337 _aBez urządzenia pośredniczącego
_bn
_2rdamedia
338 _aWolumin
_bnc
_2rdacarrier
380 _aKsiążki
380 _aPublikacje naukowe
388 1 _a1901-2000
388 1 _a1989-2000
504 _aBibliografia na stronach 289-[295]. Indeks.
648 7 _a1901-2000
_2DBN
648 7 _a1939-1945
_2DBN
650 7 _aII wojna światowa (1939-1945)
_2DBN
650 7 _aPolacy za granicą
_2DBN
650 7 _aPrzestępstwo wojenne
_2DBN
650 7 _aWięziennictwo
_2DBN
650 7 _aWysiedlanie
_2DBN
651 7 _aZSRR
655 7 _aBibliografia
_2DBN
655 7 _aDokumenty
658 _aHistoria
700 1 _aDoktór, Grażyna
_eWybór
700 1 _aPodhorski, Kazimierz
_eWybór
700 1 _aStaliś, Teresa
_eWybór
700 1 _aWalichnowski, Tadeusz
_d(1928-2005)
_eRedakcja
710 2 _aPaństwowe Wydawnictwo Naukowe
_4pbl
856 _uhttp://koha.tu.koszalin.pl/cgi-bin/koha/opac-detail.pl?biblionumber=35607
_yKatalog online BPK
942 _2UKD
_cKS
999 _c35607
_d35607